|
|
|
|
| LEADER |
00000cam a2200000 i 4500 |
| 001 |
1/57409 |
| 008 |
020117s1999 gr | ||| |||| | gre|| |
| 020 |
|
|
|a 9607478665
|
| 035 |
|
|
|l 10000155
|
| 040 |
|
|
|a GR-MyUA
|b gre
|e AACR2
|
| 041 |
1 |
|
|a gre
|h eng
|
| 082 |
0 |
|
|a 338.9
|
| 100 |
1 |
|
|a Gray, John,
|d 1948-
|
| 245 |
1 |
0 |
|a Απατηλή αυγή :
|b οι αυταπάτες του παγκοσμίου καπιταλισμού /
|c Τζων Γκρεϊ ; μετάφραση Θάνος Χατζόπουλος ; εισαγωγή-επιμέλεια, Αντιγόνη Λυμπεράκη.
|
| 260 |
|
|
|a Αθήνα :
|b Πόλις,
|c 1998.
|
| 300 |
|
|
|a 442 σ. ;
|c 21 εκ.
|
| 500 |
|
|
|a Τίτλος πρωτοτύπου: False dawn: the delusions of global capitalism.
|
| 650 |
0 |
0 |
|a Free trade.
|
| 650 |
0 |
0 |
|a Capitalism.
|
| 650 |
0 |
0 |
|a Free enterprise.
|
| 650 |
0 |
0 |
|a Economic policy.
|
| 650 |
0 |
0 |
|a Economic history
|y 1945-
|
| 700 |
1 |
|
|a Χατζόπουλος, Θανάσης,
|d 1961-
|e trl
|
| 700 |
1 |
|
|a Λυμπεράκη, Αντιγόνη,
|d 1959-
|e aui
|e edtf
|
| 852 |
|
|
|a INST
|b LESVOS
|e 20020117
|h 338.9 GRA
|p 005100028513
|q 005100028513
|t BK
|y 0
|
| 852 |
|
|
|a INST
|b LESVOS
|e 20050711
|h 338.9 GRA
|p 005100032065
|q 005100032065
|t BK
|y 0
|
| 852 |
|
|
|a INST
|b LESVOS
|e 20110701
|h 338.9 GRA
|p 005100048715
|q 005100048715
|t BK
|y 0
|
| 852 |
|
|
|a INST
|b LESVOS
|e 20110114
|h 338.9 GRA
|p 005100049460
|q 005100049460
|t BK
|y 0
|
| 852 |
|
|
|a INST
|b SAMOS
|e 20150828
|h 338.9 GRA
|p 005300042582
|q 005300042582
|t BK
|y 0
|
| 901 |
|
|
|a BIBL1-2002-1
|
| 901 |
|
|
|a BIBL1-2005-2
|
| 901 |
|
|
|a BIBL1-2011-2
|
| 909 |
|
|
|a Λ
|b 098217
|
| 909 |
|
|
|a Λ
|b 121107
|
| 909 |
|
|
|a Λ
|b 165351
|
| 909 |
|
|
|a Λ
|b 168254
|
| 970 |
|
|
|a ΜΟΥΣΤΑΚΑ
|b ΠΗΝΕΛΟΠΗ
|z 2002/01/17
|